| Tag |
First Indicator |
Second Indicator |
Subfields |
| LEADER |
00000cam a2200000 4500 |
| 001 |
in00000063575 |
| 005 |
20151007083156.0 |
| 008 |
720317s1958 nyu 00000 eng u |
| 010 |
|
|
|a 57011111
|
| 035 |
|
|
|a (OCoLC)00265782
|
| 035 |
|
|
|9 AAF8971AM
|
| 040 |
|
|
|c YNG
|d TXA
|d UtOrBLW
|
| 049 |
|
|
|a TXAM
|c [291905]
|
| 050 |
|
0 |
|a DS63.2.U5
|b C3
|
| 092 |
|
|
|a 327.73
|b C188d
|
| 100 |
1 |
|
|a Campbell, John Coert,
|d 1911-
|
| 245 |
1 |
0 |
|a Defense of the Middle East ;
|b problems of American policy.
|
| 250 |
|
|
|a [1st ed.].
|
| 264 |
|
1 |
|a New York :
|b Published for the Council on Foreign Relations by Harper,
|c 1958.
|
| 300 |
|
|
|a 392 pages :
|b illustrations
|
| 336 |
|
|
|a text
|b txt
|2 rdacontent
|
| 337 |
|
|
|a unmediated
|b n
|2 rdamedia
|
| 338 |
|
|
|a volume
|b nc
|2 rdacarrier
|
| 651 |
|
0 |
|a United States
|x Foreign relations
|z Middle East.
|
| 651 |
|
0 |
|a Middle East
|x Defenses.
|
| 999 |
|
|
|a MARS
|
| 999 |
f |
f |
|s 72ee72f8-6f2b-3115-9aec-760847a04402
|i 1561ed5c-3174-3904-a6b4-560f739b118f
|t 0
|
| 952 |
f |
f |
|p ric
|a Texas A&M University
|b Rellis Campus
|c Joint Library Facility
|d Remote Storage
|t 0
|e DS63.2.U5 C3
|h Library of Congress classification
|i unmediated -- volume
|m A14800677579
|
| 998 |
f |
f |
|a DS63.2.U5 C3
|t 0
|l Remote Storage
|